Estadísticas para Sedes de Gobierno- América Latina

Haz click aquí para intentar la prueba.

Estadísticas generales

  • Esta prueba ha sido intentada 77 veces
  • La puntuación promedio es 12 de 13

Estadísticas de respuestas

Sede del Poder Ejecutivo / Despacho PresidencialPaís / Estado% Correcto
Casa RosadaArgentina
98%
Palacio de La MonedaChile
97%
Palacio QuemadoBolivia
95%
Palacio de los LópezParaguay
94%
Casa de NariñoColombia
92%
Palácio do PlanaltoBrasil
91%
Palacio de CarondeletEcuador
91%
Casa de PizarroPerú
91%
Palacio de MirafloresVenezuela
89%
Palacio de Las GarzasPanamá
88%
Torre Ejecutiva / Palacio EstévezUruguay
88%
Palacio de la RevoluciónCuba
80%
Palacio José Cecilio del ValleHonduras
72%

Distribución de puntuación

Porcentaje por número respondido

Porcentaje de gente con cada puntuación

Historial de tus puntuaciones

No has intentado esta prueba.